| 000 | 00812nam a2200289 a 4500 | ||
|---|---|---|---|
| 001 | 68371 | ||
| 003 | BD-RjUL | ||
| 005 | 20211209081748.0 | ||
| 008 | 170402s1970 enka b 001 0 eng d | ||
| 020 | _a245565868 | ||
| 020 | _a245504397 | ||
| 035 | _a(BD-RjUL)68581 | ||
| 040 |
_aDLC _cDLC _dDLC _beng |
||
| 041 | _aeng | ||
| 082 | 0 | 0 |
_a621.38152 _223 _bMOI 1970 |
| 100 | 1 |
_aMorant, M. J. _9202700 |
|
| 245 | 1 | 0 |
_aIntroduction to semiconductor devices / _cby M. J. Morant. |
| 250 | _a2nd ed. | ||
| 260 |
_aLondon : _bHarrap, _c1970. |
||
| 300 |
_a148 p. : _bill. ; _c22 cm. |
||
| 490 | 0 | _aEngineering science monographs | |
| 504 | _aIncludes Bibliography | ||
| 650 | 0 |
_aSemiconductors. _9202701 |
|
| 830 |
_aEngineering science monographs _9223513 |
||
| 942 |
_2ddc _cBK |
||
| 999 |
_c68371 _d68371 |
||